Statystyki dla Państwa zawierające conajmniej 3 litery A

Kliknij tutaj aby rozwiązać quiz!

Ogólne statystyki

  • Ten quiz został rozwiązany 159 razy
  • Średni wynik to 11 z 24

Statystyki odpowiedzi

Odpowiedź% Poprawnych
Arabia saudyjska
83%
Australia
70%
Demokratyczna Republika Konga
59%
Republika Środkowoafrykańska
55%
Antigua i barbuda
53%
Afganistan
52%
Madagaskar
51%
Wielka Brytania
50%
Papua-nowa gwinea
48%
Panama
45%
Nikaragua
44%
Nikaragua
44%
Albania
41%
Gwatemala
41%
Wyspy Świętego Tomasza i Książęca
41%
Kazachstan
40%
Tajlandia
40%
Szwajcaria
36%
Tanzania
36%
Jamajka
34%
Mauretania
32%
Wyspy Marshalla
32%
Macedonia Północna
26%
Paragwaj
25%

Rozkład punktacji

Percentyl według liczby udzielonych odpowiedzi

Procent ludzi z każdym wynikiem

Twoja historia wyników

Nie rozwiązałeś tego quizu